| 000 | 00522nam a2200205 4500 | ||
|---|---|---|---|
| 001 | 6979 | ||
| 005 | 20230410121134.0 | ||
| 008 | 060907n1971 dr spa | ||
| 020 | _a213044010X | ||
| 035 | _9funglode7043 | ||
| 041 | _aFR | ||
| 050 | 1 | 4 | _aJV 1818 Y12e 1971 |
| 100 | _aYocono, Xavier | ||
| 245 | 1 | _aLes étapes de la décolonisation Francaise | |
| 250 | _a6 | ||
| 260 |
_aParis : _bPresses Univarsitaires de France, _c1971 |
||
| 300 | _a127 p. | ||
| 440 | _aQue sais-je 428 | ||
| 942 |
_2lcc _cbk |
||
| 999 |
_c58702 _d58702 |
||